[Event "WCCC U12 2019"]
[Site "Weifang"]
[Date "2019.08.21"]
[Round "1"]
[White "Zhou, Liran"]
[Black "Wang, Yuezhou"]
[Result "1-0"]
[WhiteElo "2311"]
[BlackElo "1654"]
[Annotator "TA"]
[PlyCount "89"]
[EventDate "2019.08.21"]
[EventType "swiss"]
[EventCountry "CHN"]
[SourceTitle "playchess.com"]
[Source "ChessBase"]
[SourceQuality "1"]

{[%evp 9,89,22,20,15,36,23,32,26,23,24,28,14,63,36,62,63,67,69,131,61,68,69,71,78,66,42,97,72,103,110,124,129,236,226,207,182,227,210,215,205,202,198,229,224,263,260,693,686,678,670,682,681,881,877,845,809,1141,1116,1636,1784,2130,2047,1995,1131,2897,2245,29977,29978,29982,29982,29989,29986,29991,29992,29993,29994,29994,29995,29995,29996,29996,29995]} 1. e4 d6 2. d4 Nf6 3. Nc3 e6 4. g3 Be7 (4... d5 5. Bg2 dxe4 6. Nxe4 Nxe4 7. Bxe4 Nd7 8. Bg2 Be7 9. Ne2 O-O 10. O-O e5 11. a4 a5 {½-½ (31) Karthikeyan,M (2530)-Lenderman,A (2581) London 2016}) 5. Bg2 O-O 6. Nge2 {B07: Pirc Defence: Miscellaneous Systems} d5 $146 ({Predecessor:} 6... a6 7. O-O c6 8. Be3 Ng4 9. Qd2 Nxe3 10. Qxe3 Bg5 {½-½ (37) Mazurek,J-Budnik,K (1339) Jastrzebia Gora 2014}) 7. O-O dxe4 8. Nxe4 {White is slightly better.} Nbd7 9. Nxf6+ Nxf6 10. c4 c5 11. dxc5 Qxd1 12. Rxd1 Bxc5 13. Nc3 Bd7 (13... e5 $14) 14. Bg5 $36 {[%mdl 2048] Black is under pressure.} (14. Bxb7 $16 Rab8 15. Bf3) 14... Rfd8 $14 15. Ne4 Be7 $1 16. Nxf6+ gxf6 17. Bf4 e5 ({Black should try} 17... Rac8 $14) 18. Be3 $16 Bc6 19. Bxc6 bxc6 {[#]} 20. Rxd8+ $1 {[%mdl 64] Overworked Piece} Rxd8 (20... Bxd8 $16 {was worth a try.} 21. Rd1 a5) 21. Bxa7 {[%mdl 4096] Endgame KRB-KRB} Ra8 22. Be3 Kf8 23. a4 {[%cal Ba2a4,Ba4a5,Ba5a6,Ba6a7][%mdl 32]} Bb4 24. Bb6 Ke7 25. a5 Ra6 26. c5 f5 27. Kf1 Bd2 $2 (27... Ke6 28. Rd1 Ra8) 28. Ke2 $18 Bg5 29. Rd1 Ra8 {[#]} 30. a6 $1 {[%mdl 512]} Ke8 (30... Rxa6 31. Bd8+) 31. a7 Be7 32. b4 f6 33. Kd3 Rc8 34. Kc4 Ra8 35. b5 cxb5+ 36. Kxb5 h5 37. Ka6 h4 38. Kb7 {White mates.} Rxa7+ 39. Bxa7 hxg3 40. hxg3 Kf7 41. c6 Kg6 42. c7 Kg5 43. c8=Q Kg4 44. Qg8+ Kf3 {[#]} 45. Qe6 $1 {Accuracy: White = 96%, Black = 24%.} 1-0

[Event "WCCC U12 2019"]
[Site "Weifang"]
[Date "2019.08.21"]
[Round "1"]
[White "Shahil Dey"]
[Black "Chen, Zhi"]
[Result "1/2-1/2"]
[WhiteElo "2207"]
[BlackElo "1596"]
[Annotator "TA"]
[PlyCount "115"]
[EventDate "2019.08.21"]
[EventType "swiss"]
[EventCountry "CHN"]
[SourceTitle "playchess.com"]
[Source "ChessBase"]
[SourceQuality "1"]

{[%evp 19,115,7,26,26,29,-8,10,9,21,-27,-20,-22,-20,-46,-44,-79,-70,-76,-85,-83,-87,-89,-76,-107,-102,-119,-125,-150,-160,-149,-143,-183,-156,-143,-147,-158,-142,-156,-107,-95,-96,-122,-122,-122,-122,-151,-151,-161,-114,-116,-110,-116,-116,-112,-95,-95,-94,-94,-94,-94,-94,-94,-94,-94,-94,-94,-94,-94,-40,-40,-40,-66,-66,-66,-66,-66,-66,-66,-66,-66,-66,-66,-66,-66,-66,-66,-66,-66,-6,-7,-12,-31,0,0,0,0,0,0]} 1. e4 c5 2. Nc3 Nc6 3. g3 g6 4. Bg2 Bg7 5. d3 d6 6. Be3 e6 7. Nge2 Nd4 8. Qd2 Qa5 9. Nc1 Ne7 10. O-O Nec6 11. Nb3 {B26: Closed Sicilian: 3 g3, lines with early Be3} Qc7 12. Bf4 $146 ({Predecessor:} 12. Nd1 O-O 13. Nc1 Ne5 14. f3 f5 15. c3 Ndc6 16. Bh6 Bxh6 17. Qxh6 b6 18. Nf2 Ba6 {½-½ (79) Khademi,M (2202)-Malakhatko,V (2533) Teheran 2014}) 12... O-O 13. Nxd4 Nxd4 14. a4 Bd7 15. Be3 Bc6 16. Nd1 d5 17. f3 Qd7 18. Nc3 Nxf3+ 19. Bxf3 {Strongly threatening exd5.} d4 {[%mdl 64] Double Attack} 20. Bf2 {Black must now prevent Nb5.} dxc3 21. bxc3 Bxa4 22. Ra3 b6 23. e5 Bc6 24. Bxc6 Qxc6 25. d4 Qd5 26. Qe2 Rfc8 27. Ra6 cxd4 28. Bxd4 Qc4 29. Qxc4 Rxc4 30. Rfa1 Bf8 $1 31. Rxb6 Bc5 32. Bxc5 Rxc5 $17 {[%mdl 4096] Endgame KRR-KRR} 33. Rb7 Rxc3 34. Rf1 {[#]} Rf8 $1 35. Rxa7 Rxc2 36. h4 Rc5 37. Re1 Rfc8 38. Rf1 R8c7 39. Rxc7 Rxc7 {KR-KR} 40. Kf2 Rc3 41. Ra1 Kg7 42. Rb1 Rc5 43. Re1 {[#]} f6 (43... g5 $1 $17 {[%mdl 512]} 44. hxg5 Kg6) 44. exf6+ $15 Kxf6 45. Kf3 e5 46. Re3 Rc4 47. Ra3 h5 48. Ra8 Rc3+ 49. Kf2 Kf5 {...Kg4 is the strong threat.} 50. Ra6 Rc2+ 51. Ke3 Rc5 52. Rb6 Ra5 53. Kf3 e4+ (53... Ra2 $15) 54. Kf2 $11 Ra2+ 55. Ke3 $1 Rg2 56. Rb5+ {The position is equal.} Kg4 57. Rg5+ {[%mdl 64] Double Attack} Kh3 58. Rxg6 {Accuracy: White = 64%, Black = 72%.} 1/2-1/2

[Event "WCCC U12 2019"]
[Site "Weifang"]
[Date "2019.08.21"]
[Round "1"]
[White "Pingin, Artem"]
[Black "Steiner, Adamson"]
[Result "1-0"]
[WhiteElo "2155"]
[BlackElo "1561"]
[Annotator "ChessBase"]
[PlyCount "51"]
[EventDate "2019.08.21"]
[EventType "swiss"]
[EventCountry "CHN"]
[SourceTitle "playchess.com"]
[Source "ChessBase"]
[SourceQuality "1"]
[TimeControl "40/5400+30:1800+30"]

1. c4 (1. c4 e6 2. Nf3 d5 3. e3 c5 4. d4 Nc6 5. Nc3 Nf6 6. a3 a6 7. cxd5 exd5) 1... e6 2. Nf3 d5 3. e3 c5 4. d4 Nc6 5. Nc3 Nf6 6. a3 a6 7. cxd5 exd5 8. Be2 Bd6 9. dxc5 Bxc5 10. b4 Ba7 11. b5 axb5 12. Nxb5 O-O 13. Nxa7 Rxa7 14. O-O Ne4 15. Bb2 Be6 16. Nd4 Qg5 17. f4 Qh6 18. Rc1 Ne7 19. Rc7 Nc8 20. Bg4 Ncd6 21. Nxe6 Ne8 22. Nxf8 Nxc7 23. Nd7 f6 24. Qc2 b5 25. Bd4 Rb7 26. Qc6 1-0

[Event "WCCC U12 2019"]
[Site "Weifang"]
[Date "2019.08.21"]
[Round "1"]
[White "Ochirbat, Lkhagvajamts"]
[Black "Ren, Xiang"]
[Result "1-0"]
[WhiteElo "2137"]
[BlackElo "1542"]
[Annotator "ChessBase"]
[PlyCount "138"]
[EventDate "2019.08.21"]
[EventType "swiss"]
[EventCountry "CHN"]
[SourceTitle "playchess.com"]
[Source "ChessBase"]
[SourceQuality "1"]
[TimeControl "40/5400+30:1800+30"]

1. d4 Nf6 2. c4 g6 3. Nc3 d5 4. Nf3 Bg7 5. Bf4 O-O 6. e3 c5 7. dxc5 Qa5 8. Rc1 dxc4 9. Bxc4 Qxc5 10. Bb3 Nc6 11. O-O Qh5 12. Nd2 Nb4 13. Bc4 Qxd1 14. Rfxd1 Be6 15. Bxe6 fxe6 16. Nf3 Nfd5 17. Be5 Bxe5 18. Nxe5 Rac8 19. a3 Nxc3 20. Rxc3 Nd5 21. Rxc8 Rxc8 22. e4 Nb6 23. h4 Rc2 24. b3 Rc3 25. Rd3 Rxd3 26. Nxd3 Nd7 27. e5 Kf7 28. f4 Ke8 29. Kf2 Kd8 30. Kf3 a5 31. Kg4 Ke8 32. Kg5 Kf7 33. Kh6 Kg8 34. h5 gxh5 35. Kxh5 Kg7 36. g3 b6 37. b4 axb4 38. Nxb4 Nc5 39. Nc6 Ne4 40. Kg4 Kf8 41. Nd8 Nc5 42. Kh5 Kg7 43. g4 b5 44. Kh4 Kf8 45. Nc6 Nd3 46. Kg3 Ke8 47. Nd4 b4 48. axb4 Nxb4 49. Nxe6 Kf7 50. Ng5+ Kg6 51. Ne4 Nc6 52. f5+ Kg7 53. Kf4 h6 54. Nc3 Kf7 55. Nd5 Nd4 56. e6+ Kf8 57. Ke4 Nc6 58. Nf4 Nd8 59. f6 exf6 60. Kf5 Nb7 61. Kxf6 Nc5 62. Nd5 Ne4+ 63. Ke5 Ng5 64. Kf6 Ne4+ 65. Kg6 Ng5 66. e7+ Ke8 67. Kxh6 Nf7+ 68. Kg7 Ng5 69. Kg6 Ne6 1-0

[Event "WCCC U12 2019"]
[Site "Weifang"]
[Date "2019.08.21"]
[Round "1"]
[White "Sethuraman, Sandeep"]
[Black "Abdullayev, Ayat"]
[Result "0-1"]
[WhiteElo "2112"]
[BlackElo "1537"]
[Annotator "ChessBase"]
[PlyCount "54"]
[EventDate "2019.08.21"]
[EventType "swiss"]
[EventCountry "CHN"]
[SourceTitle "playchess.com"]
[Source "ChessBase"]
[SourceQuality "1"]
[TimeControl "40/5400+30:1800+30"]

1. d4 Nf6 2. c4 g6 3. g3 Bg7 4. Bg2 d6 5. Nf3 O-O 6. Nc3 Nbd7 7. O-O e5 8. e4 Re8 9. h3 exd4 10. Nxd4 Nc5 11. Re1 Bd7 12. Kh2 h5 13. Rb1 a5 14. Bg5 Ng4+ 15. hxg4 Qxg5 16. gxh5 Bg4 17. f3 Qxh5+ 18. Kg1 Be6 19. Nd5 Bxd5 20. cxd5 f5 21. Nb5 Rac8 22. Qd2 fxe4 23. fxe4 Be5 24. Re3 Qg5 25. Kh2 Bxg3+ 26. Kg1 Nxe4 27. Qd3 Bf2+ 0-1

[Event "WCCC U12 2019"]
[Site "Weifang"]
[Date "2019.08.21"]
[Round "1"]
[White "Huang, Yishi"]
[Black "Khubukshanov, Erdem"]
[Result "1/2-1/2"]
[WhiteElo "1641"]
[BlackElo "2257"]
[Annotator "TA"]
[PlyCount "107"]
[EventDate "2019.08.21"]
[EventType "swiss"]
[EventCountry "CHN"]
[SourceTitle "playchess.com"]
[Source "ChessBase"]
[SourceQuality "1"]

{[%evp 22,106,30,34,39,27,25,17,27,-15,0,-2,0,0,0,-102,-33,-39,-19,-19,19,-223,9,-46,9,0,50,0,61,63,75,42,35,35,38,38,39,28,58,58,58,58,58,53,60,4,4,4,4,4,4,6,6,6,95,96,96,96,95,97,124,29,29,31,242,242,236,203,226,0,0,0,0,0,0,0,0,0,0,0,0,0,0,0,0,0,0]} 1. d4 Nf6 2. c4 c5 3. d5 d6 4. Nc3 g6 5. e4 Bg7 6. Bd3 e6 7. h3 O-O 8. Nf3 Na6 9. O-O Nc7 10. Bg5 h6 11. Be3 exd5 12. exd5 b5 {E90: King's Indian: Classical: Early deviations and 6 h3} 13. Qd2 bxc4 14. Bxc4 Kh7 {[#]} 15. Rab1 $146 ({Predecessor:} 15. Rfe1 Bb7 16. Rab1 Nd7 17. Na4 Nf6 18. Nc3 Nd7 19. Na4 Nf6 20. Nc3 Nd7 {½-½ (20) Ragger,M (2655)-Ivanisevic,I (2634) Kozloduy 2012}) 15... Bf5 16. Bd3 Qd7 17. Rfd1 Rab8 18. Nh4 (18. Qc2 $11) 18... Bxd3 (18... Bxh3 $1 $17 19. gxh3 Qxh3) 19. Qxd3 $15 Nb5 20. Nf3 Ne8 21. Qc2 $2 (21. Bf4 $11) 21... f5 $2 (21... Bxc3 $1 $19 22. bxc3 Na3 {[%mdl 64] Double Attack}) 22. a4 ({White should play} 22. Qd3 $11) 22... Bxc3 (22... Nbc7 $15) 23. axb5 Ba5 24. Qc1 (24. Ra1 $5 {[%cal Ra1a5]} Bb4 25. Qc4 $14) 24... Qg7 ({Better is} 24... g5 $11) 25. Ra1 $14 Bb6 26. Qc4 Nf6 27. b4 {[%cal Rb4c5]} cxb4 28. Bxb6 Rxb6 29. Ra5 Rfb8 30. Nd4 $1 Ne4 31. Rda1 R8b7 32. Qxb4 Nc5 33. Qc4 (33. Qd2 $14) 33... a6 $1 $11 34. Rc1 {[%cal Rb5a6]} ({Wrong is} 34. bxa6 $2 Rb1+ 35. Qf1 Rxf1+ $19) 34... axb5 35. Rxb5 Qe5 36. Rxb6 Rxb6 37. Ne6 h5 (37... Nxe6 $11 38. dxe6 Rb7) 38. Nxc5 $16 dxc5 39. Qxc5 {[%mdl 4096] Endgame KQR-KQR} Rd6 40. Rd1 Kh6 41. Qd4 (41. h4 $16) 41... Qxd4 $11 42. Rxd4 {KR-KR} f4 $2 {[#]} (42... Kg5 $14) 43. Kf1 $1 $18 Kg5 44. Ke2 Kf5 {[#] intending ...Ke5.} 45. h4 $2 ({White must play} 45. Kd3 $1 $18) 45... Ke5 $11 {[%mdl 64] Double Attack. The position is equal.} 46. Kd3 (46. Ra4 {is interesting.} Rxd5 47. Ra3 Ke4 48. Ra4+ Ke5) 46... Rxd5 47. Rxd5+ Kxd5 {K3P-K3P} 48. f3 Ke5 49. Kc4 Ke6 50. Kd4 Kf5 51. Kd5 g5 52. hxg5 Kxg5 53. Ke4 Kh4 $1 54. Kxf4 {Accuracy: White = 46%, Black = 35%.} 1/2-1/2

[Event "WCCC U12 2019"]
[Site "Weifang"]
[Date "2019.08.21"]
[Round "1"]
[White "Cheon, Sehyuk"]
[Black "Dev, Shah"]
[Result "0-1"]
[WhiteElo "1561"]
[BlackElo "2161"]
[Annotator "ChessBase"]
[PlyCount "76"]
[EventDate "2019.08.21"]
[EventType "swiss"]
[EventCountry "CHN"]
[SourceTitle "playchess.com"]
[Source "ChessBase"]
[SourceQuality "1"]
[TimeControl "40/5400+30:1800+30"]

1. e4 (1. e4) 1... e5 2. Nf3 Nc6 3. d4 exd4 4. Bc4 Nf6 5. e5 d5 6. Bb5 Nd7 7. Bxc6 bxc6 8. Nxd4 Nb8 9. O-O Be7 10. c3 O-O 11. Re1 c5 12. Nb3 Be6 13. Be3 Nd7 14. Qc2 c4 15. Nd4 Nxe5 16. Bf4 Nd3 17. Rxe6 fxe6 18. Nxe6 Qd7 19. Nxf8 Rxf8 20. Be3 Qg4 21. Nd2 Bg5 22. Nf1 Bxe3 23. Nxe3 Qg5 24. Rf1 Rxf2 25. Rxf2 Qxe3 26. Qe2 Qxf2+ 27. Qxf2 Nxf2 28. Kxf2 Kf7 29. Ke3 Ke6 30. Kf4 c5 31. h3 h6 32. h4 g6 33. g3 Kf6 34. g4 g5+ 35. hxg5+ hxg5+ 36. Kf3 Ke5 37. Ke3 d4+ 38. Kf3 Kd5 0-1

[Event "WCCC U12 2019"]
[Site "Weifang"]
[Date "2019.08.21"]
[Round "1"]
[White "Xiu, Yixuan"]
[Black "Navumenka, Mikhei"]
[Result "0-1"]
[WhiteElo "1556"]
[BlackElo "2148"]
[Annotator "ChessBase"]
[PlyCount "144"]
[EventDate "2019.08.21"]
[EventType "swiss"]
[EventCountry "CHN"]
[SourceTitle "playchess.com"]
[Source "ChessBase"]
[SourceQuality "1"]
[TimeControl "40/5400+30:1800+30"]

1. d4 Nf6 2. c4 b6 3. Nf3 Bb7 4. e3 e6 5. Be2 Be7 6. O-O O-O 7. Nc3 d5 8. cxd5 exd5 9. Qb3 Nbd7 10. Rd1 c6 11. Bd2 Bd6 12. Be1 Re8 13. h3 Ne4 14. Rac1 f5 15. Bd3 Kh8 16. Ne2 Qf6 17. Bb4 Bc7 18. Qa4 a5 19. Be1 Bd6 20. Nf4 b5 21. Bxb5 Bxf4 22. exf4 Nb6 23. Qb3 cxb5 24. Rc7 Nd6 25. Ne5 Nbc4 26. f3 Rac8 27. Rxc8 Rxc8 28. Bf2 Bc6 29. Qc2 Be8 30. Qe2 Nxe5 31. dxe5 Qe6 32. Qd3 Nc4 33. b3 Bf7 34. bxc4 dxc4 35. Qa3 c3 36. Qxa5 c2 37. Rc1 Qd5 38. Be3 Qd3 39. Kf2 Bc4 40. Re1 Be6 41. Rc1 h6 42. Qd2 Qxd2+ 43. Bxd2 Bxa2 44. Ke3 Kg8 45. Kd3 Kf7 46. Ra1 Bb3 47. Ra3 Rd8+ 48. Ke3 Ba4 49. Rc3 Rb8 50. Ra3 Rc8 51. Ra1 Ke6 52. g4 g6 53. Kd3 h5 54. Rc1 Kd5 55. Ra1 hxg4 56. hxg4 Rc6 57. gxf5 gxf5 58. Rc1 Rc4 59. Ra1 Rc8 60. Be3 Ra8 61. Kc3 Rh8 62. Bd2 Rh3 63. Rf1 Rg3 64. Be3 Rg2 65. Bc1 Rg8 66. Be3 Rc8+ 67. Kb4 Rc4+ 68. Ka5 Rc3 69. Re1 Rxe3 70. Rxe3 c1=Q 71. Rd3+ Ke6 72. Rd6+ Ke7 0-1

[Event "WCCC U12 2019"]
[Site "Weifang"]
[Date "2019.08.21"]
[Round "1"]
[White "Zhu, Matthew"]
[Black "Milikow, Elie"]
[Result "0-1"]
[WhiteElo "1539"]
[BlackElo "2134"]
[Annotator "ChessBase"]
[PlyCount "50"]
[EventDate "2019.08.21"]
[EventType "swiss"]
[EventCountry "CHN"]
[SourceTitle "playchess.com"]
[Source "ChessBase"]
[SourceQuality "1"]
[TimeControl "40/5400+30:1800+30"]

1. e4 (1. e4) 1... c5 2. Nf3 Nc6 3. d4 cxd4 4. Nxd4 Nf6 5. Nc3 e5 6. Nxc6 bxc6 7. Bc4 h6 8. O-O Bc5 9. Qe2 O-O 10. Be3 Bb4 11. Bd2 Rb8 12. a3 Ba5 13. b4 Bc7 14. Rfd1 d5 15. exd5 cxd5 16. Be3 d4 17. Nb5 Bb6 18. a4 a6 19. Na3 Qe7 20. Bd2 Bg4 21. Qe1 Bxd1 22. Rxd1 e4 23. a5 Ba7 24. b5 axb5 25. Bxb5 Ng4 0-1

[Event "WCCC U12 2019"]
[Site "Weifang"]
[Date "2019.08.21"]
[Round "1"]
[White "Lo, Jonathan"]
[Black "Wu, David Tai-Wei"]
[Result "0-1"]
[WhiteElo "1529"]
[BlackElo "2083"]
[Annotator "NA"]
[PlyCount "174"]
[EventDate "2019.08.21"]
[EventType "swiss"]
[EventCountry "CHN"]
[SourceTitle "playchess.com"]
[Source "ChessBase"]
[SourceQuality "1"]
[TimeControl "40/5400+30:1800+30"]

1. e4 (1. e4) 1... e5 2. Nf3 Nc6 3. Bb5 a6 4. Ba4 Nf6 5. O-O Be7 6. Re1 b5 7. Bb3 d6 8. c3 O-O 9. h3 Bb7 10. d4 Re8 11. Ng5 Rf8 12. f4 h6 {C92: Closed Ruy Lopez: 9...Be6, Karpov and Flohr-Zaitsev Variations} (12... exf4 13. Bxf4 Na5 14. Bc2 Nd5 15. exd5 Bxg5 16. Qh5 h6 17. Nd2 Bxd5 18. Ne4 Bxf4 19. Qf5 g6 20. Nf6+ Kg7 21. Nh5+ gxh5 22. Qh7+ Kf6 23. Qf5+ Kg7 24. Qh7+ Kf6 25. Qf5+ {½-½ (25) Djukic,N (2523)-Erdos,V (2627) Batumi 2018}) 13. Nf3 Re8 14. Bc2 exd4 15. Nxd4 d5 $146 ({Predecessor:} 15... Nxd4 16. cxd4 c5 17. e5 Nd7 18. Qd3 Nf8 19. Be3 cxd4 20. Bxd4 dxe5 21. Rxe5 Bf6 22. Nc3 Bxe5 23. fxe5 b4 24. Ne4 Qd5 25. Rd1 Rac8 26. Bb1 Qxe4 {0-1 (26) Wilshusen,H (1700)-Beketsky,E ICCF email 2012}) 16. e5 Ne4 17. Nf5 Bc5+ 18. Be3 Bxe3+ 19. Rxe3 Ne7 20. Nxe7+ Qxe7 21. Nd2 Qc5 22. Qe1 f5 23. Kh2 Rad8 24. Nxe4 dxe4 25. Rg3 Kh7 26. Qe2 g6 27. Re3 Qd5 28. Qf2 Qc5 29. Qe1 Bd5 30. b3 Be6 31. Re2 Rd5 32. a4 Qb6 33. axb5 axb5 34. Rd1 Red8 35. Red2 Qc5 36. Rxd5 Rxd5 37. Rxd5 Qxd5 38. Qh4 Qd7 39. Bd1 Qg7 40. Qf2 Qd7 41. Qh4 Bf7 42. Be2 c6 43. b4 Qe6 44. Bf1 Kg7 45. Be2 Kh7 46. Bf1 Qd7 47. Qf6 Bd5 48. Qh4 Qg7 49. Qf2 g5 50. g3 Qe7 51. Be2 Kg6 52. Qb6 Kg7 53. Qd4 Kh7 54. Bh5 Qg7 55. Qe3 Kg8 56. Be2 Qe7 57. Qb6 Qg7 58. Qd8+ Kh7 59. Qc8 Qf7 60. Qd8 Qg7 61. Qc8 Qf7 62. Qd8 gxf4 63. gxf4 Be6 64. Qd6 Bd5 65. Qc5 Qg7 66. Qe3 Qe7 67. Qg1 Qf7 68. Qe3 Bc4 69. Bxc4 Qxc4 70. Kg3 Qf1 71. Kh4 $11 Kg6 72. Qg3+ Kh7 73. e6 $2 Qc4 74. Qe3 Qxe6 75. Kg3 Qc4 76. h4 (76. Kh4 $142 Kg6 77. Qg1+ Kh7 78. Qa7+ Kg6 79. Qe3) 76... Qg8+ $19 (76... Kg6 $142 77. Kf2 Qa2+ 78. Kg3 Kh5) 77. Kh2 Qg4 78. Qa7+ Kg6 79. Qc7 Qxh4+ 80. Kg2 Qg4+ 81. Kh2 Qe2+ 82. Kh1 Qf3+ 83. Kh2 e3 84. Qe5 Qe4 85. Qd6+ Kh5 86. Qc7 Qe6 87. c4 e2 0-1

[Event "WCCC U12 2019"]
[Site "Weifang"]
[Date "2019.08.22"]
[Round "2"]
[White "Dev, Shah"]
[Black "Makhmudjonov, Davlatbek"]
[Result "1-0"]
[WhiteElo "2161"]
[BlackElo "1870"]
[Annotator "NA"]
[PlyCount "111"]
[EventDate "2019.08.21"]
[EventType "swiss"]
[EventCountry "CHN"]
[SourceTitle "playchess.com"]
[Source "ChessBase"]
[SourceQuality "1"]
[TimeControl "40/5400+30:1800+30"]

1. d4 {[%emt 0:00:17]} d5 {[%emt 0:00:00]} 2. c4 {[%emt 0:00:05]} e6 {[%emt 0:00:02]} 3. Nc3 {[%emt 0:00:05]} f5 {[%emt 0:00:07]} 4. g3 {[%emt 0:09:11]} Nf6 {[%emt 0:00:01]} 5. Nh3 {[%emt 0:00:00]} c6 {[%emt 0:00:30]} 6. Bg2 {[%emt 0:00:25]} Be7 {[%emt 0:04:46]} 7. O-O {[%emt 0:01:32]} O-O {[%emt 0:01:39]} 8. Nf4 {[%emt 0:04:10]} Ne4 {[%emt 0:07:09]} 9. Qc2 {[%emt 0:05:10]} Bd6 {[%emt 0:16:14]} 10. f3 {[%emt 0:04:01]} Nxc3 {[%emt 0:02:24]} 11. Qxc3 {[%emt 0:00:03]} Qe7 {[%emt 0:00:21]} 12. Nd3 {[%emt 0:00:27]} Nd7 {[%emt 0:02:24]} 13. b3 {[%emt 0:03:43]} e5 {[%emt 0:01:17]} 14. dxe5 {[%emt 0:02:51]} Nxe5 {[%emt 0:00:09]} 15. cxd5 {[%emt 0:04:25]} cxd5 {[%emt 0:00:10]} 16. f4 {[%emt 0:09:35]} Nxd3 {[%emt 0:05:14]} 17. Qxd3 {[%emt 0:01:20]} Be6 {[%emt 0:03:48]} 18. Bb2 {[%emt 0:02:09]} Rac8 {[%emt 0:10:11]} 19. e3 {[%emt 0:07:07]} Kh8 {[%emt 0:02:53]} 20. Rad1 {[%emt 0:01:49]} Rfe8 {[%emt 0:10:51]} 21. Rfe1 {[%emt 0:00:43]} Bf7 {[%emt 0:12:04]} 22. Bf3 {[%emt 0:04:12]} a6 {[%emt 0:05:46]} 23. Re2 {[%emt 0:03:07]} Bc5 {[%emt 0:05:20]} 24. Be5 {[%emt 0:00:44]} Be6 {[%emt 0:00:09]} 25. Bd4 {[%emt 0:02:20]} Bb4 {[%emt 0:00:57]} 26. Kg2 {[%emt 0:00:20]} Rc6 {[%emt 0:00:14]} 27. h3 {[%emt 0:00:27]} Rec8 {[%emt 0:01:00]} 28. g4 {[%emt 0:01:57]} Qd7 {[%emt 0:00:55]} 29. g5 {[%emt 0:03:48]} Qf7 {[%emt 0:01:40]} 30. Bb2 {[%emt 0:04:24]} Qd7 {[%emt 0:05:03]} 31. h4 {[%emt 0:06:02]} Bc3 {[%emt 0:01:28]} 32. Ba3 {[%emt 0:00:25]} Rd8 {[%emt 0:00:39]} 33. h5 {[%emt 0:07:38]} h6 {[%emt 0:00:25]} 34. Kf2 {[%emt 0:01:00]} b5 {[%emt 0:00:33]} 35. Rg1 {[%emt 0:00:37]} b4 {[%emt 0:00:19]} 36. Bc1 {[%emt 0:01:05]} Rg8 {[%emt 0:00:45]} 37. Kf1 {[%emt 0:00:40]} Be5 {[%emt 0:00:32]} 38. Bd2 {[%emt 0:03:04]} Bc3 {[%emt 0:00:04]} 39. Reg2 {[%emt 0:02:35]} hxg5 {[%emt 0:00:31]} 40. Rxg5 {[%emt 0:00:29]} Bf6 {[%emt 0:00:30]} 41. R5g2 {[%emt 0:31:09]} Rc7 {[%emt 0:30:52]} 42. Bxb4 {[%emt 0:00:00]} d4 {[%emt 0:00:00]} 43. h6 {[%emt 0:00:00]} gxh6 {[%emt 0:00:00]} 44. Rxg8+ {[%emt 0:00:00]} Bxg8 {[%emt 0:00:00]} 45. Rg6 {[%emt 0:00:00]} Bg7 {[%emt 0:00:00]} 46. exd4 {[%emt 0:00:00]} Rc1+ {[%emt 0:00:00]} 47. Kg2 {[%emt 0:00:00]} Bxd4 {[%emt 0:00:00]} 48. Rxh6+ {[%emt 0:00:00]} Bh7 {[%emt 0:00:00]} 49. Be7 {[%emt 0:00:00]} Rg1+ {[%emt 0:00:00]} 50. Kh2 {[%emt 0:00:08]} Rg7 {[%emt 0:00:00]} 51. Bd6 {[%emt 0:01:44]} Qa7 {[%emt 0:00:00]} 52. Qxf5 {[%emt 0:02:29]} Bf6 {[%emt 0:05:00]} 53. Bc5 {[%emt 0:01:05]} Qc7 {[%emt 0:00:03]} 54. Be4 {[%emt 0:01:14]} Kg8 {[%emt 0:01:25]} 55. Qe6+ {[%emt 0:01:35]} Kh8 {[%emt 0:00:30]} 56. Qxf6 {[%emt 0:00:25]} 1-0

[Event "WCCC U12 2019"]
[Site "Weifang"]
[Date "2019.08.22"]
[Round "2"]
[White "Navumenka, Mikhei"]
[Black "Pistalovic, Slobodan"]
[Result "1-0"]
[WhiteElo "2148"]
[BlackElo "1858"]
[Annotator "NA"]
[PlyCount "47"]
[EventDate "2019.08.21"]
[EventType "swiss"]
[EventCountry "CHN"]
[SourceTitle "playchess.com"]
[Source "ChessBase"]
[SourceQuality "1"]
[TimeControl "40/5400+30:1800+30"]

1. d4 {[%emt 0:00:00]} d5 {[%emt 0:00:00]} 2. c4 {[%emt 0:00:37]} c6 {[%emt 0:00:00]} 3. Nf3 {[%emt 0:00:05]} Nf6 {[%emt 0:00:00]} 4. Nc3 {[%emt 0:00:07]} dxc4 {[%emt 0:00:09]} 5. a4 {[%emt 0:00:05]} Bf5 {[%emt 0:00:15]} 6. e3 {[%emt 0:00:12]} e6 {[%emt 0:00:03]} 7. Bxc4 {[%emt 0:00:06]} Bb4 {[%emt 0:00:05]} 8. O-O {[%emt 0:00:10]} O-O {[%emt 0:00:13]} 9. Qe2 {[%emt 0:00:58]} Bg4 {[%emt 0:00:41]} 10. h3 {[%emt 0:01:36]} Bxf3 {[%emt 0:00:51]} 11. Qxf3 {[%emt 0:00:09]} Nbd7 {[%emt 0:01:59]} 12. Rd1 {[%emt 0:07:45]} Rc8 {[%emt 0:01:01]} 13. Bb3 {[%emt 0:09:44]} Qe7 {[%emt 0:08:57]} 14. e4 {[%emt 0:05:15]} e5 {[%emt 0:14:43]} 15. Bg5 {[%emt 0:05:52]} exd4 {[%emt 0:14:08]} 16. Rxd4 {[%emt 0:01:37]} c5 {[%emt 0:20:37]} 17. Rxd7 {[%emt 0:18:36]} Qxd7 {[%emt 0:00:35]} 18. Bxf6 {[%emt 0:00:08]} c4 {[%emt 0:18:01]} 19. Qg3 {[%emt 0:01:54]} g6 {[%emt 0:00:22]} 20. Nd5 {[%emt 0:00:40]} cxb3 {[%emt 0:04:35]} 21. Nxb4 {[%emt 0:02:06]} Rc4 {[%emt 0:00:56]} 22. Qg5 {[%emt 0:02:10]} Qd6 {[%emt 0:09:04]} 23. Nd5 {[%emt 0:00:34]} Ra8 {[%emt 0:03:20]} 24. Qh6 {[%emt 0:00:30]} 1-0

[Event "WCCC U12 2019"]
[Site "Weifang"]
[Date "2019.08.22"]
[Round "2"]
[White "Milikow, Elie"]
[Black "Jin Yueheng"]
[Result "*"]
[WhiteElo "2134"]
[BlackElo "1832"]
[Annotator "NA"]
[PlyCount "40"]
[EventDate "2019.08.21"]
[EventType "swiss"]
[EventCountry "CHN"]
[SourceTitle "playchess.com"]
[Source "ChessBase"]
[SourceQuality "1"]
[TimeControl "40/5400+30:1800+30"]

1. e4 c6 2. d4 d5 3. e5 Bf5 4. h4 h5 5. Bd3 Bxd3 6. Qxd3 e6 7. Bg5 Be7 8. Nf3 Nd7 9. Nbd2 Qc7 10. Rc1 c5 11. c4 cxd4 12. Qxd4 Bxg5 13. hxg5 Ne7 14. Rc3 Qb6 15. Qxb6 Nxb6 16. g4 g6 17. Nd4 Kd7 18. gxh5 Rxh5 19. Rxh5 gxh5 20. Rf3 Rf8 *